Представление документа в формате MARC21

Поле Инд. ПП Название Значение
Тип записи a
Библиографический уровень m
001 Контрольный номер RU/IS/BASE/304430800
005 Дата корректировки 20230317093809.1
040 b Код языка каталог. rus
041 0_ a Код языка текста rus
080 a Индекс УДК 681.586
090 a Полочн. индекс 681.5
x Авторский знак В93
097 b Оператор 02
100 1_ a Автор Высоцкий В. Б.
245 10 a Заглавие Формирование мембранных датчиков расхода газа с терморезистивными чувствительными элементами
b Продолж. заглавия дисс. на соиск. учёной степени канд. техн. наук : 05.27.01
260 a Место издания Минск
b Издательство БГУИР
c Дата издания 2009
300 a Объем 118 с.
510 0_ a Примечание о ссылках Диссертации и авторефераты диссертаций
653 0_ a Ключевые слова датчики; газы; терморезисторы; кремний; наноматериалы
901 t Тип документа d